00967nam a2200253 i 450000100060000000300090000600500170001500700030003200800410003502000180007610000350009424502270012926000660035630000420042249000230046450000140048750400200050170000480052170000210056970000340059070000450062483000230066985200210069283521ES-MaACL20250909175448.0t|041117s1987 sp f |||| |bspa d a84-7090-174-50 aIrving, Washington,d1783-185910aVida del almirante don Cristobal Colón / cWashington Irving ; presentación y apéndices por José M. Gómez Tabanera ; prólogo por Demetrio Ramos ; traducciones de J. García de Villalta y N. Fernández Cuesta. aMadrid : bColegio Universitario de Ediciones Istmo, c[1987] aLXXXVII, 815 p., 16 lám. ; c21 cm.1 aMundus novus ; v1 aÍndice. aBibliografía.0 aGómez-Tabanera, José Manuel,d1926-20111 aRamos, Demetrio.1 aGarcía de Villalta, José.1 aFernández Cuesta, Nemesio, d1818-18930 aMundus novus ; v1 aES-MaACLjG-6885